000 00462nam a2200181Ia 4500
001 19167
005 20260306171724.0
008 260306s9999||||xx |||||||||||||| ||und||
041 _aESP
082 _a658.8
_bR783
100 _aRufín Moreno, Ramón
_eAUT
245 0 _aMarketing público:
_binvestigación, aplicaciones y estrategia
260 _c2012
300 _a317 páginas :
_c24 cm.
650 _aGEN
654 _aCAN
942 _cLIB
_dJUS
_fJUS
_2ddc
_n
999 _c19167
_d19167